000 00677nam a2200193Ia 4500
005 20251020182557.0
008 200515s9999 xx 000 0 und d
082 _aSC/31:351/O36
110 _aOIT
245 0 _aBoletín de estadísticas del trabajo
260 _aGinebra
260 _c1983
300 _a140
520 _aContiene: 13a Conferencia Internacional de Estadígrafos del Trabajo- Resoluciones sobre estadísticas de : lesiones profesionales, la población económica activa, el empleo, el desempleo y el subempleo, además contiene un artículo sobre vacaciones pagadas
650 _aESTADISTICAS
650 _aPUB OIT
650 _aTRABAJO
942 _cLIB
999 _c2938
_d2938